Williams' essentials of nutrition and diet therapy / Joyce Gilbert, Eleanor D. Schlenker. (Record no. 20320)

000 -LEADER
fixed length control field 01536cam a2200217 i 4500
020 ## - INTERNATIONAL STANDARD BOOK NUMBER
ISBN 9780323847124
082 04 - DEWEY DECIMAL CLASSIFICATION NUMBER
Classification number 613.2
Item number G4653 2024
100 1# - MAIN ENTRY--AUTHOR NAME
Personal name Gilbert, Joyce, author.
245 10 - TITLE STATEMENT
Title Williams' essentials of nutrition and diet therapy / Joyce Gilbert, Eleanor D. Schlenker.
250 ## - EDITION STATEMENT
Edition statement Thirteenth edition.
260 ## - PUBLICATION, DISTRIBUTION, ETC. (IMPRINT)
Place of publication St. Louis, MO :
Name of publisher Elsevier,
Year of publication ©2024.
300 ## - PHYSICAL DESCRIPTION
Number of Pages xiii, 496 pages :
Other physical details illustrations (some color), map ; 28 cm
500 ## - GENERAL NOTE
General note Previous edition: published as by Eleanor Schlenker, Joyce Ann Gilbert. St. Louis: Elsevier, 2019
505 0# - FORMATTED CONTENTS NOTE
Formatted contents note Part 1: Introduction to human nutrition -- Part 2: Community nutrition and the life cycle -- Part 3: Introduction to clinical nutrition
520 ## - SUMMARY, ETC.
Summary, etc "Master the essentials of nutrition science and patient care with this concise text! Williams' Essentials of Nutrition and Diet Therapy, 13th Edition helps you understand and apply nutrition concepts in the treatment of disease, disease prevention, and life enhancement. The text is broken out into three parts: the basics of nutrients and the body, the life cycle and community nutrition, and clinical nutrition. Case studies help you determine nutritional interventions in treating both acute and chronic conditions. Written by nutrition specialists Joyce Gilbert and Eleanor D. Schlenker, this book includes the latest advances in research and evidence-based practice."
650 #0 - SUBJECT ADDED ENTRY--TOPICAL TERM
Topical Term Nutrition.
650 #0 - SUBJECT ADDED ENTRY--TOPICAL TERM
Topical Term Diet therapy.
700 1# - ADDED ENTRY--PERSONAL NAME
Personal name Schlenker, Eleanor D.
700 1# - ADDED ENTRY--PERSONAL NAME
Personal name Williams, Sue Rodwell.
942 ## - ADDED ENTRY ELEMENTS (KOHA)
Koha item type Books
Holdings
Source of acquisition Permanent Location Date acquired Koha item type Collection code Accession Number Lost status Shelving location Withdrawn status Current Location Full call number
SchoolCagayan State University - Carig Library2025-04-03BooksNursingN000196 Nursing Library Cagayan State University - Carig Library613.2 G4653 2024
SchoolCagayan State University - Carig Library2025-04-03BooksNursingN000197 Nursing Library Cagayan State University - Carig Library613.2 G4653 2024
SchoolCagayan State University - Carig Library2025-04-03BooksNursingN000198 Nursing Library Cagayan State University - Carig Library613.2 G4653 2024
SchoolCagayan State University - Carig Library2025-04-03BooksNursingN000199 Nursing Library Cagayan State University - Carig Library613.2 G4653 2024
SchoolCagayan State University - Carig Library2025-04-03BooksNursingN000200 Nursing Library Cagayan State University - Carig Library613.2 G4653 2024

Cagayan State University University Library, Carig Campus
Tuguegarao City, Cagayan 3500 | www.csucarig.edu.ph

Powered by Koha